| 000 | 00762nam a22001577a 4500 | ||
|---|---|---|---|
| 003 | OSt | ||
| 005 | 20230524201324.0 | ||
| 008 | 151112b xxu||||| |||| 00| 0 eng d | ||
| 040 | _cRUA | ||
| 082 |
_aFOR _2SOE 2008 B135 Or.1 |
||
| 100 |
_93630 _aSOEUNG, SOKHOM. |
||
| 245 | _aManagement and teak (tectona grandis) planting in global agricultural development (cambodia) LTD in sambor district kratie province, ការគ្រប់គ្រងនិងការដាំឈើម៉ៃសាក់របស់ក្រុមហ៊ុន Global Agricultural Development (Cambodia) LTD ស្ថិតនៅស្រុកសំបូរ ខេត្តក្រចេះ | ||
| 260 |
_aPhnom Penh _bRUA _c2008 |
||
| 300 |
_ax; 41p. _bill. _c29cm. |
||
| 942 |
_2ddc _cFOR |
||
| 999 |
_c3380 _d3380 |
||